[Event "TCh-SWE 2011-12"]
[Site "Malmo SWE"]
[Date "2011.10.08"]
[Round "2"]
[White "Grandelius,N"]
[Black "Landgren,A"]
[Result "1/2-1/2"]
[WhiteElo "2536"]
[BlackElo "2172"]

1.c4 e6 2.Nf3 d5 3.g3 c6 4.Bg2 dxc4 5.a4 Nf6 6.Na3 Bxa3 7.Rxa3 O-O 8.Qc2 b6
9.Qxc4 Bb7 10.b4 Nbd7 11.Bb2 c5 12.O-O Qe7 13.bxc5 Nxc5 14.Qh4 h6 15.g4 Rfd8
16.g5 hxg5 17.Nxg5 Bxg2 18.Kxg2 Rd5 19.Rh3 Nh5 20.f4 g6 21.d3 Nxa4 22.Ba1 Rc8
23.Qg4 Nc3 24.Ne4 Nxe4 25.dxe4 Ra5 26.f5 exf5 27.exf5 Rc2 28.Rxh5 Rxe2+ 29.Kh1 Rxa1
30.Rxa1 Re1+ 31.Rxe1 Qxe1+ 32.Kg2 Qd2+ 33.Kh3 Qe3+ 34.Kg2 Qd2+ 35.Kh3 Qe3+
36.Kg2  1/2-1/2

[Event "Oslo GM Open"]
[Site "Oslo NOR"]
[Date "2011.10.08"]
[Round "8.25"]
[White "Hanssen,G"]
[Black "Moor,O"]
[Result "0-1"]
[WhiteElo "2217"]
[BlackElo "2399"]

1.c4 e6 2.Nf3 d5 3.d4 Nf6 4.Nc3 Nbd7 5.g3 dxc4 6.Bg2 Rb8 7.a4 a6 8.O-O Be7
9.e4 O-O 10.Qe2 b5 11.axb5 axb5 12.Bf4 Rb6 13.d5 Bb7 14.dxe6 fxe6 15.Rfd1 Bc5
16.Ra5 Ng4 17.Be3 Nxe3 18.fxe3 Qe7 19.Nd4 Bxd4 20.exd4 Qb4 21.Ra7 e5 22.Kh1 exd4
23.Rxd4 Ne5 24.Nd5 Qc5 25.Rd2 Nd3 26.h4 Bxd5 27.exd5 Rbf6 28.d6 Qxd6 29.Kh2 Re6
30.Qh5 Re5 31.Qg4 h5 32.Qh3 Re3 33.Ra8 Rxa8 34.Bxa8 Qe5 35.Bg2 Kh7 36.Rc2 Kh6
37.b3 c3 38.Bf1 Ne1 39.Rf2 c2  0-1

[Event "TCh-ISL Div1 2011-12"]
[Site "Reykjavik ISL"]
[Date "2011.10.08"]
[Round "3.3"]
[White "Gurevich,M"]
[Black "Papin,V"]
[Result "1/2-1/2"]
[WhiteElo "2612"]
[BlackElo "2583"]

1.c4 e6 2.Nf3 d5 3.d4 c6 4.e3 Nf6 5.Nbd2 c5 6.cxd5 Nxd5 7.e4 Nb6 8.Nb3 cxd4
9.Nfxd4 Bb4+ 10.Bd2 Qe7 11.Bxb4 Qxb4+ 12.Qd2 Qxd2+ 13.Kxd2 Ke7 14.Be2 Rd8
15.Ke3 Bd7 16.Rhc1 Nc6 17.Nxc6+ Bxc6 18.Nd4 Bd7 19.Nb3 Rac8 20.Nc5 Bc6 21.Rc3 f5
22.f3 f4+ 23.Kxf4 Rd2 24.Ke3 Rxb2 25.a4 Be8 26.Rac1 Nd7 27.Nd3 Rxc3 28.Rxc3 Rb1
29.f4 Kd8 30.Bg4 Bf7 31.Bf3 Be8 32.Bg4 Bf7 33.Bf3 Be8 34.Bg4  1/2-1/2

[Event "TCh-BEL 2011-12"]
[Site "Belgium BEL"]
[Date "2011.10.09"]
[Round "1.4"]
[White "Eliet,N"]
[Black "Tiggelman,R"]
[Result "1-0"]
[WhiteElo "2410"]
[BlackElo "2208"]

1.c4 e6 2.Nf3 d5 3.d4 c5 4.cxd5 exd5 5.g3 Nc6 6.Nc3 Nf6 7.Bg2 Be7 8.O-O O-O
9.dxc5 Bxc5 10.a3 Re8 11.b4 Bb6 12.Bb2 Qe7 13.e3 Be6 14.Na4 Rad8 15.Nxb6 axb6
16.Nd4 Ne5 17.Nxe6 Qxe6 18.a4 Rc8 19.Qb3 Rc4 20.Rfd1 Rec8 21.Rd4 Qf5 22.Rf4 Qd3
23.Qd1 Qxd1+ 24.Rxd1 Ng6 25.Rxc4 Rxc4 26.Bxd5 Rxb4 27.Bxf6 gxf6 28.Ra1 Ne5
29.Bxb7 Rb2 30.Ba6 h5 31.h3 h4 32.Kg2 hxg3 33.Kxg3 Kg7 34.Rd1 Rb4 35.Bb5 f5
36.Rd4 Rb1 37.Kf4 Ng6+ 38.Kxf5 Rb2 39.f4 Rg2 40.Rd7 Rg3 41.Ke4 Nh4 42.Bc4 Ng2
43.Rxf7+ Kh8 44.f5 Rxe3+ 45.Kd4 Rxh3 46.f6 Rh4+ 47.Kc3 Nf4 48.Rf8+ Kh7 49.f7 Ng6
50.Rg8 Rh3+ 51.Kb4 Rf3 52.Kb5 Rf5+ 53.Kxb6 Ne5 54.Bd3 Nxf7 55.Bxf5+ Kxg8
56.Be6  1-0

[Event "II Oliver Gonzalez Memorial"]
[Site "Madrid ESP"]
[Date "2011.10.09"]
[Round "2.19"]
[White "Adan Bermudez,S"]
[Black "Baeza Escudero,J"]
[Result "1-0"]
[WhiteElo "2287"]
[BlackElo "2012"]

1.c4 e6 2.Nf3 d5 3.b3 Nf6 4.g3 b6 5.Bg2 Bb7 6.O-O Be7 7.Bb2 c5 8.cxd5 exd5
9.d4 O-O 10.Nc3 Nbd7 11.Nh4 Re8 12.Nf5 Bf8 13.dxc5 bxc5 14.Nxd5 Bxd5 15.Bxd5 Nxd5
16.Qxd5 Rxe2 17.Bc3 Nb6 18.Qf3 Re8 19.Rad1 Qc7 20.Nh6+ Kh8 21.Nxf7+ Kg8 22.Ng5 h6
23.Ne4 Qf7 24.Qg4 Re6 25.Qe2 Rae8 26.f3 Nd7 27.Qb5 R8e7 28.Rd5 Ne5 29.Bxe5 Rxe5
30.Rxe5 Rxe5 31.Qc4 Rd5 32.Rc1 Rd4 33.Qxf7+ Kxf7 34.Kf2 Ke6 35.Ke2 Kd5 36.Nd2 h5
37.Nc4 h4 38.Ne3+ Ke6 39.g4 g6 40.h3 Ke5 41.Ng2 Be7 42.f4+ Kd5 43.Kf3 Rd3+
44.Ne3+ Kc6 45.Ke2 Rd4 46.Rc4 Rd7 47.Re4 Kb5 48.Nc4 Bd6 49.a4+ Kc6 50.Re6 Kd5  1-0

[Event "20th TCh-CRO 1b"]
[Site "Sibenik CRO"]
[Date "2011.10.10"]
[Round "7.5"]
[White "Chatalbashev,B"]
[Black "Ragger,M"]
[Result "1/2-1/2"]
[WhiteElo "2566"]
[BlackElo "2655"]

1.c4 e6 2.Nf3 d5 3.b3 Nf6 4.Bb2 Be7 5.g3 O-O 6.Bg2 b6 7.O-O Bb7 8.d3 c5 9.e3 Nc6
10.Nbd2 Qc7 11.a3 Rfd8 12.Qe2  1/2-1/2

[Event "US Chess League 2011"]
[Site "ICC INT"]
[Date "2011.10.12"]
[Round "7"]
[White "Kraai,J"]
[Black "Amanov,M"]
[Result "1/2-1/2"]
[WhiteElo "2514"]
[BlackElo "2541"]

1.c4 e6 2.Nf3 d5 3.d4 Nf6 4.g3 dxc4 5.Bg2 a6 6.O-O Nc6 7.Nc3 Rb8 8.e4 Be7
9.Qe2 b5 10.Rd1 O-O 11.Bf4 Bb7 12.a4 Ba8 13.axb5 axb5 14.d5 exd5 15.e5 d4
16.exf6 Bxf6 17.Rxa8 Rxa8 18.Nxb5 d3 19.Qe4 Na5 20.Nd2 Bxb2 21.Nxc7 c3 22.Nxa8 c2
23.Re1 c1=Q 24.Rxc1 Bxc1 25.Bc7 Qxa8 26.Qxa8 Rxa8 27.Bxa8 Bxd2 28.Be4 Nb3
29.Bxd3 Nc5 30.Bc2  1/2-1/2

[Event "TCh-ROU Superliga 2011"]
[Site "Brasov ROU"]
[Date "2011.10.14"]
[Round "7.5"]
[White "Lupulescu,C"]
[Black "Vasilescu,L"]
[Result "1-0"]
[WhiteElo "2655"]
[BlackElo "2295"]

1.c4 e6 2.Nf3 d5 3.g3 Nf6 4.Bg2 Be7 5.O-O O-O 6.d4 b6 7.cxd5 exd5 8.Nc3 Bb7
9.Bf4 Nh5 10.Be3 c6 11.Ne5 f6 12.Nxc6 Bxc6 13.g4 f5 14.gxh5 f4 15.Bd2 Bd6
16.Bf3 Qh4 17.Kh1 Nd7 18.Rg1 Nf6 19.Qc2 Rae8 20.Rg2 Kh8 21.Rag1 Nxh5 22.Be1 Bd7
23.Nxd5 Bh3 24.Qc6 Bxg2+ 25.Rxg2 Bb8 26.Qb7 g5 27.Bc3 Ng7 28.Nb4 Qh6 29.Nc6 Qg6
30.Nxb8 Rxb8 31.Qxa7 h5 32.d5 g4 33.h3 Qf7 34.Qxf7 Rxf7 35.hxg4 hxg4 36.Rxg4 Rd8
37.Be5 Kh7 38.Be4+ Nf5 39.Rg5 Rdf8 40.d6 Kh6 41.Rxf5 Rxf5 42.Bxf5  1-0

[Event "TCh-ROU Superliga 2011"]
[Site "Brasov ROU"]
[Date "2011.10.14"]
[Round "7.3"]
[White "Zaim,M"]
[Black "Miron,L"]
[Result "0-1"]
[WhiteElo "2171"]
[BlackElo "2514"]

1.c4 e6 2.Nf3 d5 3.g3 dxc4 4.Qa4+ Nd7 5.Qxc4 a6 6.Bg2 b5 7.Qc2 Bb7 8.O-O Ngf6
9.b3 c5 10.Bb2 Be7 11.d3 O-O 12.Nbd2 Nd5 13.Rac1 Rc8 14.Qb1 Bf6 15.Rfd1 Bxb2
16.Qxb2 Qe7 17.d4 Rc7 18.a3 Rfc8 19.e3 h6 20.dxc5 Nxc5 21.Ne1 a5 22.Nb1 b4
23.axb4 axb4 24.Nc2 Ba6 25.Ne1 Bb7 26.Nc2 Ba6 27.Ne1 Qf6 28.Qxf6 Nxf6 29.Nd2 Be2
30.Bf3 Bxd1 31.Bxd1 Nd5 32.Ra1 Rc6 33.Bc2 Nc3 34.Kf1 Ra6 35.Rxa6 Nxa6 36.Bd3 Nc5
37.Bc4 Ra8 38.Kg2 Ra2 39.Ndf3 Nd1 40.Nd4 Nxe3+  0-1

[Event "TCh-SVK Extraliga 2011-12"]
[Site "Slovakia SVK"]
[Date "2011.10.23"]
[Round "2"]
[White "Petran,Pe"]
[Black "Vojtek,V"]
[Result "1/2-1/2"]
[WhiteElo "2297"]
[BlackElo "2311"]

1.Nf3 e6 2.c4 d5 3.b3 b6 4.Bb2 Bb7 5.e3 Nd7 6.Be2 Ngf6 7.O-O Bd6 8.d4 c5
9.cxd5 exd5 10.Nc3 O-O 11.Nb5 Bb8 12.Rc1 Re8 13.Qc2 Ne4 14.g3 Qe7 15.Nc3 Ndf6
16.Nxe4 Nxe4 17.Nd2 Bd6 18.Nxe4 dxe4 19.dxc5 Bxc5 20.Qc3 f6 21.Qc4+ Kh8 22.Qc2 Rac8
23.Qb1 Qf7 24.Rfd1 Rcd8 25.Qc2 Bd6 26.Rd4 Bc5 27.Rd2 Rxd2 28.Qxd2 Qe7 29.Rd1 Bc6
30.a4 h6 31.Bb5 Bxb5 32.axb5 Qe6 33.Qd7 Qxd7 34.Rxd7 Re7 35.Rd8+ Kh7 36.g4 Kg6
37.Kg2 Rc7 38.Re8 Be7 39.Bd4 Kf7 40.Ra8 Ke6 41.h4 Kd5 42.Rg8 Bc5 43.Rd8+ Ke6
44.Re8+ Kd5 45.Rd8+ Ke6 46.Re8+ Kd5  1/2-1/2

[Event "TCh-SVK Extraliga 2011-12"]
[Site "Slovakia SVK"]
[Date "2011.10.23"]
[Round "2"]
[White "Jelen,P1"]
[Black "Banas,K"]
[Result "0-1"]
[WhiteElo "2193"]
[BlackElo "2222"]

1.c4 e6 2.Nf3 d5 3.g3 Nf6 4.Bg2 Nbd7 5.O-O c6 6.b3 e5 7.cxd5 cxd5 8.d4 e4
9.Ne1 Bd6 10.Nc3 a6 11.f3 Bb4 12.Qc2 Qb6 13.Be3 exf3 14.Bxf3 Ne5 15.Na4 Nxf3+
16.exf3 Qd8 17.a3 Bd6 18.Nc3 O-O 19.Nd3 Bf5 20.Qd2 Re8 21.Nf4 Rc8 22.b4 h6
23.Rfe1 Qd7 24.Rac1 Bb8 25.Nd3 Bxd3 26.Qxd3 Re6 27.Kg2 Rce8 28.Re2 Nh5 29.Rce1 Rg6
30.Rf2 Bxg3 31.hxg3 Rxg3+ 32.Kh1 Rh3+ 33.Kg1 Nf4 34.Bxf4 Rxe1+ 35.Kg2 Rhh1
36.Re2 Qh3+ 37.Kf2 Rhf1+ 38.Ke3 Rxf3+ 39.Kd2 Rxd3+  0-1

[Event "Corsica Masters 2011"]
[Site "Bastia FRA"]
[Date "2011.10.24"]
[Round "4"]
[White "Durarbeyli,V"]
[Black "Baghdasaryan,V"]
[Result "1-0"]
[WhiteElo "2526"]
[BlackElo "2362"]

1.c4 e6 2.Nf3 d5 3.g3 dxc4 4.Qa4+ Bd7 5.Qxc4 Bc6 6.Bg2 Nf6 7.O-O Be7 8.d3 O-O
9.Qc2 Nbd7 10.a3 a5 11.b3 Ra6 12.Bb2 b5 13.Rc1 Qa8 14.Nbd2 Bb7 15.Qxc7 Rc8
16.Qf4 Rxc1+ 17.Rxc1 Nd5 18.Qg4 Qf8 19.e4 Bxa3 20.exd5 Bxb2 21.Rc2 Nf6 22.Qh3 Ba3
23.dxe6 Rxe6 24.Nd4 Re1+ 25.Nf1 Bxg2 26.Kxg2 Qd6 27.Rc8+ Re8 28.Rxe8+ Nxe8
29.Qg4 Qd5+ 30.Kg1 h5 31.Qc8 Kf8 32.Nc6 Qxb3 33.Qf5 Qe6 34.Qxb5 h4 35.Qxa5 Qxc6
36.Qxa3+ Kg8 37.gxh4 Nf6 38.Qe7 Qa4 39.Qd8+ Kh7 40.Ng3 Qxh4 41.Qe7 Kg8 42.Kg2 Qd4
43.Qe3 Qd6 44.Kg1 g6 45.Ne4 Nxe4 46.Qxe4 Qc5 47.h4 Qc1+ 48.Kg2 Qc2 49.Qe8+ Kg7
50.Qe5+ f6 51.Qe7+ Kg8 52.Qe6+ Kg7 53.d4 f5 54.Qe5+ Kf7 55.Qf4 Qd3 56.Kh2 Qd1
57.Qc7+ Kf8 58.Qc5+ Kf7 59.Qc4+ Kf6 60.d5 Ke5 61.Qc7+ Kf6 62.Qd6+ Kf7 63.Qe6+ Kg7
64.Qe5+ Kg8 65.d6 Qf3 66.Qg3 Qd5 67.Qxg6+ Kh8 68.Qf6+ Kh7 69.Qe7+ Kh6 70.d7  1-0

[Event "1st WCGD"]
[Site "Dresden GER"]
[Date "2011.10.29"]
[Round "7"]
[White "Varezhkin,V"]
[Black "Botalova,Y"]
[Result "1/2-1/2"]
[WhiteElo "2220"]
[BlackElo "1969"]

1.c4 e6 2.Nf3 d5 3.g3 Nf6 4.Bg2 Be7 5.O-O O-O 6.d4 dxc4 7.Qa4 a6 8.Nc3 Nbd7
9.Qxc4 b5 10.Qd3 Bb7 11.Rd1 c5 12.Ne5 Bxg2 13.Kxg2 Qc7 14.Bf4 cxd4 15.Nxd7 Qxd7
16.Qxd4 Qc6+ 17.f3 Rfd8 18.Qe5 Nd7 19.Qc7 Rac8 20.Qxc6 Rxc6 21.Rd2 Rcc8 22.Rad1 Nf6
23.e4 Rxd2+ 24.Rxd2 Rd8 25.Rc2 Rc8 26.a3 Kf8 27.Rc1 Ke8 28.Kf1 Nd7 29.Ke2 Nb6
30.Na2 Rxc1 31.Bxc1 Kd7 32.b3 a5 33.Be3 Nc8 34.a4 Kc6 35.Kd3 bxa4 36.bxa4 Bc5
37.Bd2 Nb6 38.Bxa5 Nxa4 39.Bc3 g6 40.Bf6 Nb6 41.g4 Nd7 42.Bb2 Bd6 43.h3 Be7
44.Bd4 Kb5 45.Nc3+ Kc6 46.e5 f5 47.exf6 Bxf6 48.Bxf6 Nxf6 49.Kd4 Kd6 50.f4 Ke7
51.g5 Ng8 52.Ke5 Kf7 53.Ne4 Ne7 54.Nf6 Kg7 55.Kd6 Kf7 56.Ke5 Nc6+ 57.Kd6 Nb4
58.Ke5  1/2-1/2

[Event "TCh-HUN 2011-12"]
[Site "Paks HUN"]
[Date "2011.10.30"]
[Round "2"]
[White "Szabo,R"]
[Black "Antal,T"]
[Result "0-1"]
[WhiteElo "2227"]
[BlackElo "2286"]

1.c4 e6 2.Nf3 d5 3.b3 Nf6 4.Bb2 c5 5.e3 Nc6 6.Be2 Be7 7.O-O O-O 8.d4 cxd4
9.Nxd4 Nxd4 10.Qxd4 dxc4 11.Bxc4 b6 12.Rd1 Bb7 13.Qxd8 Rfxd8 14.Nc3 a6 15.a4 Kf8
16.f3 Nd7 17.Ne2 e5 18.Kf2 f6 19.Nc3 Bc5 20.Ke2 Rac8 21.Ba3 Bxa3 22.Rxa3 Nc5
23.Rxd8+ Rxd8 24.b4 Nd7 25.Bd5 Bxd5 26.Nxd5 Rc8 27.Rc3 Rxc3 28.Nxc3 Ke7 29.Kd3 Kd6
30.Kc4 f5 31.g3 Nf6 32.e4 g6 33.Kd3 h5 34.h3 Kc6 35.exf5 gxf5 36.g4 hxg4
37.hxg4 fxg4 38.fxg4 Nxg4 39.b5+ axb5 40.axb5+ Kc5 41.Ke4 Kd6 42.Na4 Nf6+
43.Kd3 Nd5 44.Nb2 Ke6 45.Ke4 Nf6+ 46.Kd3 Kd5 47.Na4 Nd7 48.Ke3 Kc4 49.Nb2+ Kxb5
50.Ke4 Kb4 51.Kd5 b5 52.Nd1 Kb3 53.Kc6 b4 54.Kxd7 Kc2 55.Ne3+ Kd3  0-1

[Event "WYCC U18 Open"]
[Site "Caldas Novas BRA"]
[Date "2011.11.20"]
[Round "3"]
[White "Rosen,E"]
[Black "Grandadam,N"]
[Result "1/2-1/2"]
[WhiteElo "2305"]
[BlackElo "2370"]

1.c4 e6 2.Nf3 d5 3.d4 Nf6 4.Nc3 Bb4 5.Qb3 c5 6.cxd5 exd5 7.dxc5 Nc6 8.Bg5 h6
9.Bxf6 Qxf6 10.O-O-O Bxc3 11.Qxc3 Qxc3+ 12.bxc3 Be6 13.Nd4 Rc8 14.Nb3 Ne5
15.e3 Ke7 16.Be2 Nd7 17.Bf3 Nxc5 18.Bxd5 Nxb3+ 19.Bxb3 Rxc3+ 20.Kb2 Rhc8
21.Rd2  1/2-1/2

[Event "25th Belgrade Trophy"]
[Site "Obrenovac SRB"]
[Date "2011.11.24"]
[Round "1.26"]
[White "Cvetkovic,Sr"]
[Black "Djukic,Milor"]
[Result "1-0"]
[WhiteElo "2395"]
[BlackElo "1949"]

1.c4 e6 2.Nf3 d5 3.d4 Nf6 4.Nc3 Ne4 5.Qc2 Nxc3 6.bxc3 b6 7.e4 Bb7 8.cxd5 exd5
9.e5 c5 10.Bd3 h6 11.O-O Be7 12.e6 O-O 13.Ne5 fxe6 14.Bg6 Nc6 15.Bh7+ Kh8
16.Ng6+  1-0

[Event "TCh-SVK Extraliga 2011-12"]
[Site "Slovakia SVK"]
[Date "2011.11.26"]
[Round "3"]
[White "Czebe,A"]
[Black "Repkova,E"]
[Result "1/2-1/2"]
[WhiteElo "2513"]
[BlackElo "2423"]

1.c4 e6 2.Nf3 d5 3.d4 Nf6 4.Bg5 c5 5.cxd5 cxd4 6.Nxd4 Qa5+ 7.Nc3 Nxd5 8.Bd2 Nxc3
9.Bxc3 Bb4 10.Rc1 O-O 11.a3 Bxc3+ 12.Rxc3 e5 13.Nb3 Qb6 14.Qd5 Be6 15.Qc5 Nd7
16.Qxb6 axb6 17.Nd2 Rfc8 18.Ne4 Nf6 19.Rxc8+ Rxc8 20.Nc3 Nd5 21.Kd2 Nxc3
22.bxc3 Ra8 23.e4 Rxa3 24.Bd3 Ra2+ 25.Ke3 Ra3 26.Kd2 Ra2+ 27.Ke3 Ra3 28.Kd2  1/2-1/2

[Event "Vizag GM Open"]
[Site "Visakhapatnam IND"]
[Date "2011.11.26"]
[Round "5"]
[White "Arun Prasad,S"]
[Black "Babu,NS"]
[Result "1-0"]
[WhiteElo "2530"]
[BlackElo "2327"]

1.c4 e6 2.Nf3 d5 3.g3 Nf6 4.Bg2 c5 5.O-O Nc6 6.d4 dxc4 7.Ne5 Bd7 8.Na3 cxd4
9.Naxc4 Rc8 10.Qb3 Nxe5 11.Nxe5 Bc6 12.Nxc6 bxc6 13.Rd1 Bc5 14.Bf4 Bb6 15.Rac1 Qd7
16.Qc4 Nd5 17.Be5 O-O 18.Bxd4 Bxd4 19.Qxd4 Qb7 20.Rc5 Qb6 21.Rdc1 Nb4 22.a3 Na6
23.R5c4 c5 24.Qc3 Rb8 25.Ra4 Rfd8 26.Be4 Rbc8 27.Rc4 Rc7 28.Qc2 h6 29.Bd3 Rdc8
30.Qc3 Rd8 31.Ra4 Nb8 32.Rg4 f5 33.Rc4 Nd7 34.Ra4 Qd6 35.Ra6 Nb6 36.b3 Kf7
37.Ra5 Nd7 38.Bc4 Nb6 39.b4 Nd7 40.Qc2 Ke7 41.Rd1 Qe5 42.Qd3 Rb8 43.e3 Rb6
44.f4 Qe4 45.Bb5 Qxd3 46.Rxd3 cxb4 47.Rxd7+ Rxd7 48.Bxd7 Kxd7 49.Rxa7+ Kd6
50.axb4 Rxb4 51.Rxg7 Kd5 52.Kg2 Ke4 53.Rg6 Rb6 54.Rxh6 Kxe3 55.Kh3 Kf3 56.Kh4 Ke4
57.Kg5 Kd5 58.Rg6 Rb2 59.Kf6 Rb8 60.h4  1-0

[Event "TCh-CZE Liga 1 Zapad"]
[Site "Czech Rep CZE"]
[Date "2011.11.27"]
[Round "4.5"]
[White "Lechtynsky,J"]
[Black "Orsag,Mil1"]
[Result "1/2-1/2"]
[WhiteElo "2375"]
[BlackElo "2407"]

1.c4 e6 2.Nf3 d5 3.d4 c5 4.cxd5 exd5 5.Nc3 Nc6 6.g3 Nf6 7.Bg2 Be7 8.O-O O-O
9.dxc5 Bxc5 10.Bg5 Be6 11.Bxf6 Qxf6 12.Nxd5 Qxb2 13.Nc7 Rad8 14.Qc1 Qxc1
15.Raxc1 b6 16.Nxe6 fxe6 17.Bh3 Rf6 18.Kg2 h6 19.Rfd1 Rxd1 20.Rxd1 e5 21.e3 Rd6
22.Rxd6 Bxd6  1/2-1/2

[Event "25th Belgrade Trophy"]
[Site "Obrenovac SRB"]
[Date "2011.12.01"]
[Round "8.6"]
[White "Tadic,Br"]
[Black "Blagojevic,Dr"]
[Result "1/2-1/2"]
[WhiteElo "2486"]
[BlackElo "2514"]

1.c4 e6 2.Nf3 d5 3.d4 Nf6 4.g3 dxc4 5.Bg2 Bb4+ 6.Bd2 a5 7.Qc2 Bxd2+ 8.Qxd2 c6
9.a4 Ne4 10.Qc2 Nd6 11.Nfd2 Na6 12.O-O Nb4 13.Qc1 b6 14.Na3 Ba6 15.Rd1 O-O
16.Ndxc4 Nxc4 17.Nxc4 Ra7 18.e3 Bxc4  1/2-1/2

[Event "Vizag GM Open"]
[Site "Visakhapatnam IND"]
[Date "2011.12.01"]
[Round "11"]
[White "Lalith,B"]
[Black "Vaibhav,S"]
[Result "1-0"]
[WhiteElo "2484"]
[BlackElo "2448"]

1.c4 e6 2.Nf3 d5 3.g3 dxc4 4.Qa4+ Nd7 5.Qxc4 a6 6.Bg2 b5 7.Qc2 Bb7 8.O-O Ngf6
9.a4 c5 10.d3 Be7 11.Nc3 b4 12.Nd1 O-O 13.Ne3 Rc8 14.Nc4 Nb8 15.Nfe5 Bd5
16.a5 Nfd7 17.Nxd7 Nxd7 18.Bf4 Bg5 19.Bxd5 Bxf4 20.Bb7 Rb8 21.Bxa6 b3 22.Qc3 Bg5
23.Nd2 Rb4 24.Nxb3 Bf6 25.Qc2 Qa8 26.Bc4 Rfb8 27.a6 h5 28.h4 Ne5 29.Ra3 Nc6
30.Rb1 R8b6 31.Qd1 Qa7 32.Ra2 Ne5 33.Nxc5 Rd6 34.b3 Ng4 35.e3 e5 36.Qf3 Kh7
37.Ne4 Rdb6 38.Ng5+  1-0

[Event "TCh-CZE Extraliga 2011-12"]
[Site "Czech Republic CZE"]
[Date "2011.12.04"]
[Round "4.4"]
[White "Rausis,I"]
[Black "Zilka,S"]
[Result "1/2-1/2"]
[WhiteElo "2497"]
[BlackElo "2517"]

1.Nf3 e6 2.c4 d5 3.g3 Nf6 4.Bg2 Be7 5.O-O O-O 6.d4 dxc4 7.Qc2 a6 8.a4 Bd7
9.Qxc4 Bc6 10.Nc3 b5 11.Qb3 b4 12.Nb1 Bd5 13.Qc2 Be4 14.Qd1 Nbd7 15.Nbd2 Bb7
16.Nb3 c5 17.dxc5 Nxc5 18.Nxc5 Bxc5 19.Qxd8 Rfxd8 20.Ne5 Bxg2 21.Kxg2 Nd7
22.Nd3 Bd6 23.Bd2 Nc5 24.Nxc5 Bxc5 25.Rfd1 Rd5 26.Bf4 Rxd1 27.Rxd1 f6 28.Rc1 Bd4
29.Rc4 Bxb2 30.Rxb4 Ba3 31.Rb7 Bc5 32.Kf3 e5 33.Be3 Rc8 34.Bd2 Rd8 35.Bc3 e4+
36.Kxe4 Bxf2 37.g4 Re8+ 38.Kd3 Re3+ 39.Kd2 Rh3 40.a5 Be1+ 41.Kxe1 Rxc3 42.Rb6 Rc4  1/2-1/2

[Event "3rd Balkan GP Individual"]
[Site "Podgorica MNE"]
[Date "2011.12.11"]
[Round "2"]
[White "Damljanovic,B"]
[Black "Todorovic,GM"]
[Result "1/2-1/2"]
[WhiteElo "2597"]
[BlackElo "2482"]

1.c4 e6 2.Nf3 d5 3.d4 Nf6 4.g3 dxc4 5.Bg2 b5 6.a4 c6 7.Ne5 Nd5 8.O-O Bb7
9.e4 Nf6 10.Nc3 a6 11.Bg5 Be7 12.axb5 cxb5 13.d5 O-O 14.dxe6 fxe6 15.Bh3 Qe8
16.Bxe6+ Kh8 17.Qd4 Nc6 18.Nxc6 Qxc6 19.Bd5 Nxd5 20.exd5 Qc5 21.Qxc5 Bxc5
22.Rad1 Rf5 23.Be3 Bb4 24.Rfe1 Bxc3 25.bxc3 Rxd5 26.Rxd5 Bxd5 27.Bd4 Kg8
28.Re7 Bf7 29.Ra7 Rxa7 30.Bxa7 Bh5 31.f4 Kf7 32.Kf2 Ke6 33.Ke3 Kd5 34.Bb6 Bg4
35.Ba5 Bf5 36.Bb4 g6 37.Ba5 Kc5 38.Kd2 h5 39.Ke3 Kd5 40.Bb4 Bh3 41.Ba5 Ke6
42.Bb4 Bf1 43.h4 Kd5 44.Ba5 Bg2 45.Bb4 Bh1 46.Ba5 Kc5 47.Kd2 Be4 48.Ke3 Bf5
49.Kd2 Kd5 50.Ke3  1/2-1/2

[Event "3rd Balkan GP Individual"]
[Site "Podgorica MNE"]
[Date "2011.12.13"]
[Round "8"]
[White "Stanojoski,Z"]
[Black "Blagojevic,Dr"]
[Result "1/2-1/2"]
[WhiteElo "2470"]
[BlackElo "2514"]

1.c4 e6 2.Nf3 d5 3.b3 Nf6 4.Bb2 Be7 5.g3 O-O 6.Bg2 c5 7.cxd5 Nxd5 8.Nc3 Bf6
9.Qc1 Nc6 10.O-O Nxc3 11.Bxc3 e5 12.d3 Bg4 13.h3 Be6 14.Qb2 Re8 15.Rfe1 Nd4
16.Rac1 Qd7 17.h4 Bd5 18.Bxd4 cxd4 19.Rc5 Rac8 20.Rec1 Rxc5 21.Rxc5 b6 22.Rc1 Bxf3
23.Bxf3 Rc8 24.Rxc8+ Qxc8 25.Qa3 Qc7 26.Qa4 Kf8 27.Qb5 g6 28.Qd5 h5 29.Qa8+ Kg7
30.Bd5 Be7 31.a4 a5 32.Bc4 Bc5 33.Qd5 Qe7 34.Kg2 Qf6 35.Qe4 Bb4 36.Kf1 Bd2
37.Qb7 Be3 38.Qxf7+ Qxf7 39.Bxf7 Bxf2 40.Bxg6 Bxg3 41.Bxh5 Bxh4  1/2-1/2

[Event "TCh-ISR 2011-12"]
[Site "Israel ISR"]
[Date "2011.12.16"]
[Round "1.5"]
[White "Bykhovsky,Av"]
[Black "Zak,Uri1"]
[Result "1/2-1/2"]
[WhiteElo "2427"]
[BlackElo "2269"]

1.c4 e6 2.Nf3 d5 3.g3 dxc4 4.Bg2 Nf6 5.Na3 Bxa3 6.bxa3 O-O 7.O-O b6 8.Bb2 Bb7
9.Qc2 Nbd7 10.Qxc4 c5 11.d3 Re8 12.Rfd1 Rc8 13.e4 Nb8 14.e5 Nfd7 15.Qf4 Bxf3
16.Bxf3 Nc6 17.Rac1 Qc7 18.Re1 Red8 19.Re4 Nf8 20.Be2 Ng6 21.Qe3 Qd7 22.h4 Nge7
23.g4  1/2-1/2

[Event "20th Aschacher Donau"]
[Site "Aschach AUT"]
[Date "2011.12.26"]
[Round "1"]
[White "Horvath,Jo1"]
[Black "Kleibel,Uwe"]
[Result "1-0"]
[WhiteElo "2531"]
[BlackElo "2133"]

1.c4 e6 2.Nf3 d5 3.b3 Nf6 4.Bb2 c5 5.cxd5 exd5 6.g3 Be7 7.Bg2 O-O 8.O-O Be6
9.d4 b6 10.Ne5 Qc8 11.dxc5 bxc5 12.Nc3 Rd8 13.Rc1 Na6 14.e3 Qb7 15.Qe2 Rac8
16.Rfd1 Nb4 17.Ba1 Qb8 18.Nf3 h6 19.h3 Qb7 20.Na4 Ne4 21.Ne5 Nf6 22.Nd3 Nxd3
23.Rxd3 c4 24.Rxc4 Rxc4 25.bxc4 Qa6 26.Bxf6 Bxf6 27.cxd5 Qxa4 28.dxe6 fxe6
29.Rb3 Qd7 30.Bf3 Rc8 31.Kg2 Rc7 32.h4 Kf7 33.h5 Ke7 34.Qa6 Qd6 35.Qa4 Qd7
36.Qg4 Qd2 37.Ra3 Rc2 38.Rxa7+ Kf8 39.Ra8+ Ke7 40.Ra7+ Kf8 41.Qg6 Qxf2+ 42.Kh3 Qf1+
43.Kg4 Qc4+ 44.e4 e5 45.Ra8+ Ke7 46.Qe8+ Kd6 47.Kf5 Be7 48.Qb8+ Kc6 49.Qc8+ Kb6
50.Rb8+ Ka5 51.Qd7 Qc5 52.Qb7  1-0

[Event "ch-AUS 2011-12"]
[Site "North Geelong AUS"]
[Date "2012.01.03"]
[Round "7.1"]
[White "Johansen,D"]
[Black "Smirnov,Vl1"]
[Result "1/2-1/2"]
[WhiteElo "2403"]
[BlackElo "2401"]

1.c4 e6 2.Nf3 d5 3.d4 c6 4.Qc2 Nf6 5.Bg5 Be7 6.e3 Nbd7 7.Nc3 h6 8.Bh4 a6
9.a3 dxc4 10.Bxc4 b5 11.Ba2 Bb7 12.O-O O-O 13.Rfd1 Qb6 14.e4 g5 15.Bg3 Rfd8
16.e5 Nh5 17.Ne4  1/2-1/2

[Event "XLI Rilton Cup 2011-12"]
[Site "Stockholm SWE"]
[Date "2012.01.03"]
[Round "7"]
[White "Aperia,J"]
[Black "Fries Nielsen,JO"]
[Result "1/2-1/2"]
[WhiteElo "2059"]
[BlackElo "2387"]

1.c4 e6 2.Nf3 d5 3.d4 Nc6 4.Nc3 Nge7 5.Bf4 Nf5 6.e3 h6 7.g4 Nd6 8.c5 g5 9.Be5 f6
10.Bg3 Nf7 11.h4 a6 12.Bd3 Bg7 13.hxg5 fxg5 14.Qc2 Bd7 15.a3 b6 16.cxb6 cxb6
17.e4 Qf6 18.Qe2 Nxd4 19.Nxd4 Qxd4 20.exd5 Ne5 21.O-O-O Nxd3+ 22.Rxd3 Qc4
23.dxe6 Bb5 24.Qf3 Ra7 25.Rhd1 Qc8 26.Rd7 Rxd7 27.Rxd7 Rf8 28.Rf7 Qxe6 29.Rxf8+ Bxf8
30.Nxb5  1/2-1/2

[Event "24th Staufer-Open"]
[Site "Schwaebisch Gmuend GER"]
[Date "2012.01.04"]
[Round "5"]
[White "Lemke,J"]
[Black "Sturm,Bernh"]
[Result "1/2-1/2"]
[WhiteElo "1959"]
[BlackElo "2110"]

1.c4 e6 2.Nf3 d5 3.b3 c5 4.cxd5 exd5 5.d4 Nf6 6.g3 Nc6 7.Bg2 Be7 8.O-O O-O
9.Bb2 Be6 10.Nc3 a6 11.Rc1 cxd4 12.Nxd4 Nxd4 13.Qxd4 Qd6 14.Rfd1 Rfd8 15.e4 dxe4
16.Qxd6 Rxd6 17.Nxe4 Nxe4 18.Bxe4 Rxd1+ 19.Rxd1 Rc8  1/2-1/2

[Event "24th Staufer-Open"]
[Site "Schwaebisch Gmuend GER"]
[Date "2012.01.04"]
[Round "6"]
[White "Muth,Matthias"]
[Black "Rosenberger,F"]
[Result "1/2-1/2"]
[WhiteElo "2006"]
[BlackElo "2165"]

1.c4 e6 2.Nf3 d5 3.b3 Nf6 4.Bb2 Nbd7 5.g3 Bd6 6.d4 c6 7.Bg2 O-O 8.Nbd2 Re8
9.O-O Qe7 10.Ne5 Ba3 11.Bxa3 Qxa3 12.e4 Qb2 13.Nxd7 Nxd7 14.exd5 cxd5 15.cxd5 Qxd4
16.dxe6 Rxe6 17.Nc4 Qf6 18.Bd5 Ne5 19.Nxe5 Rxe5 20.Re1 Rxe1+ 21.Qxe1 Bd7
22.Rc1 Bc6 23.Bxc6 bxc6 24.Qe4 Rc8 25.Re1 g6 26.Qe7 Qc3 27.Rd1 a5 28.Qd7 Rf8
29.h4 c5 30.Qd5 Qb4 31.Qg5 h5 32.Rc1 Rc8 33.Qe5 Qa3 34.Qc3 Qxa2 35.Ra1 Qe2
36.Rxa5 c4 37.bxc4 Qxc4 38.Qxc4 Rxc4  1/2-1/2

[Event "2nd Mantova Open A 2012"]
[Site "Mantova ITA"]
[Date "2012.01.05"]
[Round "6"]
[White "Arnaudov,G"]
[Black "Sbarra,M"]
[Result "1-0"]
[WhiteElo "2473"]
[BlackElo "2288"]

1.c4 e6 2.Nf3 d5 3.g3 Nf6 4.Bg2 c5 5.O-O Nc6 6.d4 Be7 7.dxc5 Bxc5 8.a3 Ne4
9.Qc2 a5 10.cxd5 exd5 11.Nc3 Nf6 12.Bg5 Be7 13.Rfd1 Be6 14.e4 d4 15.Nxd4 Nxd4
16.Qa4+ Nd7 17.Bxe7 Qxe7 18.Qxd4 O-O 19.Rac1 Nc5 20.Nd5 Bxd5 21.Qxc5 Qxc5
22.Rxc5 Bb3 23.Rd3 a4 24.Bh3 Rfe8 25.f3 g6 26.Kf2 Kg7 27.Bd7 Re7 28.Ke3 f5
29.Rc8 fxe4 30.fxe4 Rxc8 31.Bxc8 Kf6 32.Bd7 Re5 33.Rd6+ Ke7 34.Rd4 b5 35.Bg4 Rc5
36.Be2 Rc2 37.Bxb5 Rxb2 38.Bxa4 Bxa4 39.Rxa4 Rxh2 40.Kf4 h5 41.Ke5 h4 42.Ra7+ Kf8
43.gxh4 Rxh4 44.a4 g5 45.a5 g4 46.Kf6 Rh6+ 47.Kg5 Re6 48.Kf5 Re8 49.Kf6 g3
50.Rf7+ Kg8 51.Rg7+ Kf8 52.Rxg3 Rxe4 53.Ra3 Re7 54.Rb3 Rf7+ 55.Ke6 Ra7 56.Rb8+ Kg7
57.Rb5 Kf8 58.Rg5 Rh7 59.Rb5 Ra7 60.Kd6 Ke8 61.Kc6 Ra6+ 62.Kb7 Rd6 63.a6 Rd7+
64.Kc6  1-0

[Event "Northern California International"]
[Site "Fremont USA"]
[Date "2012.01.06"]
[Round "7"]
[White "Ramirez,Alej"]
[Black "Collins,S IRL"]
[Result "1/2-1/2"]
[WhiteElo "2594"]
[BlackElo "2426"]

1.c4 e6 2.Nf3 d5 3.b3 Nf6 4.g3 a5 5.Bg2 a4 6.O-O axb3 7.Qxb3 Be7 8.d4 O-O
9.Nbd2 Nc6 10.Bb2 Bd7 11.Rfc1 Na5 12.Qc2 Nxc4 13.Nxc4 Ba4 14.Qc3 dxc4 15.Ne5 Nd5
16.Qxc4 c6 17.e3 Bb5 18.Qb3 Nb6 19.Be4 Ra4 20.Qc2 h6 21.Bh7+ Kh8 22.Bd3 Bxd3
23.Nxd3 Qd5 24.Nc5 Rc4 25.Qb3 Bxc5 26.dxc5 Rxc1+ 27.Rxc1 Qxb3 28.axb3 Nd7
29.b4 Ra8 30.Rd1 Nf8 31.Rd6 Rc8 32.f4 Kg8 33.g4 f6 34.h4 Kf7 35.h5 Rc7 36.Kf2 Rd7
37.Kf3 Rxd6 38.cxd6 f5 39.g5 b5 40.e4 Nd7 41.Ke3 Kf8 42.Bd4 Kf7 43.g6+  1/2-1/2